Radici quadrate - Statistics

Statistiche generali
  • Questo quiz è stato fatto 79 volte
  • Il punteggio medio è 18 su 20
Statistiche sulle risposte
Numero Radice quadrata % Corretto
4 2
100%
49 7
100%
400 20
99%
81 9
99%
121 11
96%
625 25
96%
16 4
94%
169 13
90%
256 16
90%
1 000 000 1000
88%
10 000 100
87%
1 600 40
85%
490 000 700
85%
49 000 000 7000
85%
90 000 300
81%
250 000 500
81%
2 500 50
78%
6 250 000 2500
76%
62 500 250
75%
256 000 000 16000
73%
Nessun quiz corrispondente trovato
Distribuzione punteggi
Percentuale di utenti per punteggio
Percentile per numero di risposta
I tuoi punteggi nel tempo
Non hai fatto questo quiz